| 000 | 00759nam a2200253Ia 4500 | ||
|---|---|---|---|
| 003 | OSt | ||
| 005 | 20220927105427.0 | ||
| 006 | a|||||r|||| 00| 0 | ||
| 007 | ta | ||
| 008 | 220926b |||||||| |||| 00| 0 eng d | ||
| 024 | _a186763 | ||
| 037 | _cReference Collections | ||
| 040 |
_aRTL _cRTL _beng |
||
| 041 |
_2eng _aeng |
||
| 082 | _a"V1N45,93:3.N53r, J3" | ||
| 110 | _aUNITED NATIONS | ||
| 245 | 0 |
_aReport of the security council to the general assembly _b Covering the period from 16 July 1952 to 15 July 1953. |
|
| 260 |
_aNew _bYork UN _c1953 |
||
| 300 |
_a"v,32p." _ccm. |
||
| 500 | _aAppendix :30-32p. | ||
| 700 | _aUNITED NATIONS | ||
| 942 |
_h"V1N45,93:3.N53r, J3" _cCC |
||
| 999 |
_c692455 _d692455 |
||